<?xml version="1.0" encoding="UTF-8"?><?xml-stylesheet type="text/xsl" href="static/style.xsl"?><OAI-PMH xmlns="http://www.openarchives.org/OAI/2.0/" xmlns:xsi="http://www.w3.org/2001/XMLSchema-instance" xsi:schemaLocation="http://www.openarchives.org/OAI/2.0/ http://www.openarchives.org/OAI/2.0/OAI-PMH.xsd"><responseDate>2026-04-18T00:47:21Z</responseDate><request verb="GetRecord" identifier="oai:www.recercat.cat:10230/42268" metadataPrefix="marc">https://recercat.cat/oai/request</request><GetRecord><record><header><identifier>oai:recercat.cat:10230/42268</identifier><datestamp>2025-12-12T01:42:59Z</datestamp><setSpec>com_2072_6</setSpec><setSpec>col_2072_452952</setSpec></header><metadata><record xmlns="http://www.loc.gov/MARC21/slim" xmlns:dcterms="http://purl.org/dc/terms/" xmlns:xsi="http://www.w3.org/2001/XMLSchema-instance" xmlns:doc="http://www.lyncode.com/xoai" xsi:schemaLocation="http://www.loc.gov/MARC21/slim http://www.loc.gov/standards/marcxml/schema/MARC21slim.xsd">
   <leader>00925njm 22002777a 4500</leader>
   <datafield ind2=" " ind1=" " tag="042">
      <subfield code="a">dc</subfield>
   </datafield>
   <datafield ind2=" " ind1=" " tag="720">
      <subfield code="a">Curto Tirado, Ariadna, 1987-</subfield>
      <subfield code="e">author</subfield>
   </datafield>
   <datafield ind2=" " ind1=" " tag="720">
      <subfield code="a">Wellenius, Gregory A.</subfield>
      <subfield code="e">author</subfield>
   </datafield>
   <datafield ind2=" " ind1=" " tag="720">
      <subfield code="a">Milà, Carles</subfield>
      <subfield code="e">author</subfield>
   </datafield>
   <datafield ind2=" " ind1=" " tag="720">
      <subfield code="a">Sanchez, Margaux</subfield>
      <subfield code="e">author</subfield>
   </datafield>
   <datafield ind2=" " ind1=" " tag="720">
      <subfield code="a">Ranzani, Otavio</subfield>
      <subfield code="e">author</subfield>
   </datafield>
   <datafield ind2=" " ind1=" " tag="720">
      <subfield code="a">Marshall, Julian D.</subfield>
      <subfield code="e">author</subfield>
   </datafield>
   <datafield ind2=" " ind1=" " tag="720">
      <subfield code="a">Kulkarni, Bharati</subfield>
      <subfield code="e">author</subfield>
   </datafield>
   <datafield ind2=" " ind1=" " tag="720">
      <subfield code="a">Bhogadi, Santhi</subfield>
      <subfield code="e">author</subfield>
   </datafield>
   <datafield ind2=" " ind1=" " tag="720">
      <subfield code="a">Kinra, Sanjay</subfield>
      <subfield code="e">author</subfield>
   </datafield>
   <datafield ind2=" " ind1=" " tag="720">
      <subfield code="a">Tonne, Cathryn</subfield>
      <subfield code="e">author</subfield>
   </datafield>
   <datafield ind2=" " ind1=" " tag="260">
      <subfield code="c">2019-09-12T16:57:10Z</subfield>
   </datafield>
   <datafield ind2=" " ind1=" " tag="260">
      <subfield code="c">2019</subfield>
   </datafield>
   <datafield ind2=" " ind1=" " tag="520">
      <subfield code="a">BACKGROUND: Evidence linking long-term exposure to particulate air pollution to blood pressure (BP) in high-income countries may not be transportable to low- and middle-income countries. We examined cross-sectional associations between ambient fine particulate matter (PM2.5) and black carbon (BC) with BP (systolic [SBP] and diastolic [DBP]) and prevalent hypertension in adults from 28 peri-urban villages near Hyderabad, India. METHODS: We studied 5531 participants from the Andhra Pradesh Children and Parents Study (18-84 years, 54% men). We measured BP (2010-2012) in the right arm and defined hypertension as SBP ≥130 mmHg and/or DBP ≥80 mmHg. We used land-use regression models to estimate annual average PM2.5 and BC at participant&amp;apos;s residence. We applied linear and logistic nested mixed-effect models stratified by sex and adjusted by cooking fuel type to estimate associations between within-village PM2.5 or BC and health. RESULTS: Mean (SD) PM2.5 was 33 µg/m (2.7) and BC was 2.5 µg/m (0.23). In women, a 1 µg/m increase in PM2.5 was associated with 1.4 mmHg higher SBP (95% confidence interval [CI]: 0.12, 2.7), 0.87 mmHg higher DBP (95% CI: -0.18, 1.9), and 4% higher odds of hypertension (95% CI: 0%, 9%). In men, associations with SBP (0.52 mmHg; 95% CI: -0.82, 1.8), DBP (0.41 mmHg; 95% CI: -0.69, 1.5), and hypertension (2% higher odds; 95% CI: -2%, 6%) were weaker. No associations were observed with BC. CONCLUSION: We observed a positive association between ambient PM2.5 and BP and hypertension in women. Longitudinal studies in this region are needed to corroborate our findings.</subfield>
   </datafield>
   <datafield tag="653" ind2=" " ind1=" ">
      <subfield code="a">Ambient air pollution</subfield>
   </datafield>
   <datafield tag="653" ind2=" " ind1=" ">
      <subfield code="a">Black carbon</subfield>
   </datafield>
   <datafield tag="653" ind2=" " ind1=" ">
      <subfield code="a">Blood pressure</subfield>
   </datafield>
   <datafield tag="653" ind2=" " ind1=" ">
      <subfield code="a">Cardiovascular health</subfield>
   </datafield>
   <datafield tag="653" ind2=" " ind1=" ">
      <subfield code="a">Hypertension</subfield>
   </datafield>
   <datafield tag="653" ind2=" " ind1=" ">
      <subfield code="a">Lower-middle income country</subfield>
   </datafield>
   <datafield tag="653" ind2=" " ind1=" ">
      <subfield code="a">India</subfield>
   </datafield>
   <datafield tag="653" ind2=" " ind1=" ">
      <subfield code="a">Particulate matter</subfield>
   </datafield>
   <datafield ind2="0" ind1="0" tag="245">
      <subfield code="a">Ambient particulate air pollution and blood pressure in peri-urban India</subfield>
   </datafield>
</record></metadata></record></GetRecord></OAI-PMH>